书目信息 |
| 题名: |
高等有机化学
|
|
| 作者: | 卡雷 , 松德贝里 编著 | |
| 分册: | ||
| 出版信息: | 北京 科学出版社 2009.01 |
|
| 页数: | xxx, 1321页 | |
| 开本: | 26cm | |
| 丛书名: | 国外化学名著系列 | |
| 单 册: | ||
| 中图分类: | O62 | |
| 科图分类: | ||
| 主题词: | 有机化学--you ji hua xue | |
| 电子资源: | ||
| ISBN: | 978-7-03-023858-0 | |
| 000 | 01413nam 2200337 450 | |
| 001 | 012009655044 | |
| 005 | 20090811171136.59 | |
| 010 | @a978-7-03-023858-0@dCNY160.00 | |
| 100 | @a20090811d2009 em y0chiy0120 ea | |
| 101 | 0 | @aeng |
| 102 | @aCN@b110000 | |
| 105 | @ak a 001yy | |
| 106 | @ar | |
| 200 | 1 | @a高等有机化学@Agao deng you ji hua xue@e反应与合成@d= Advanced organic chemistry@epart B: reactions and synthesis@f(美) Frank A. Carey, Richard J. Sundberg@F(mei)Frank A.Carey,Richard J.Sundberg@zeng |
| 205 | @a影印版 | |
| 210 | @a北京@c科学出版社@d2009.01 | |
| 215 | @axxx, 1321页@d26cm | |
| 225 | 2 | @a国外化学名著系列@Aguo wai hua xue ming zhu xi lie@v10 |
| 305 | @a据原书第5版影印 | |
| 314 | @a责任者规范汉译姓取自版权页 | |
| 320 | @a有书目和索引 | |
| 330 | @a《高等有机化学》保持了其作为有机化学领域首选教科书的位置,在化合物结构、反应和合成有机化合物方面覆盖极广。正如以前的版本,其文字内容广泛地参考初级和综述文献,并提供大量实例的数据和反应、充分的图例说明 | |
| 410 | 0 | @12001 @a国外化学名著系列 |
| 510 | 1 | @aAdvanced organic chemistry@epart B: reactions and synthesis@zeng |
| 517 | 1 | @a反应与合成@Afan ying yu he cheng |
| 606 | 0 | @a有机化学@Ayou ji hua xue |
| 690 | @aO62@v4 | |
| 701 | 1 | @a卡雷@Aka lei@g(Carey, Frank A.)@4编著 |
| 701 | 1 | @a松德贝里@Asong de bei li@g(Sundberg, Richard J.)@4编著 |
| 801 | 0 | @aCN@bQSSK@c20090811 |
| 905 | @b751044-45@dO62@eK063@f2 | |
| 高等有机化学:反应与合成= Advanced organic chemistry:part B: reactions and synthesis/(美) Frank A. Carey, Richard J. Sundberg.-影印版.-北京:科学出版社,2009.01 |
| xxx, 1321页;26cm.-(国外化学名著系列;10) |
| ISBN 978-7-03-023858-0:CNY160.00 |
| 《高等有机化学》保持了其作为有机化学领域首选教科书的位置,在化合物结构、反应和合成有机化合物方面覆盖极广。正如以前的版本,其文字内容广泛地参考初级和综述文献,并提供大量实例的数据和反应、充分的图例说明 |
| ● |
| 相关链接 |
|
|
|
正题名:高等有机化学
索取号:O62/K063
 
预约/预借
| 序号 | 登录号 | 条形码 | 馆藏地/架位号 | 状态 | 备注 |
| 1 | 751044 | 207510442 | 自科库401/401自科库 62排4列1层/ [索取号:O62/K063] | 在馆 | |
| 2 | 751045 | 207510451 | 自科库401/401自科库 62排4列1层/ [索取号:O62/K063] | 在馆 |